000 00697nam a22002177a 4500
005 20260422084928.0
008 260422b |||||||| |||| 00| 0 eng d
020 _a978-81-19679-20-1
_c220
040 _aMAIN
041 _aasm
082 _a301.0954
_bBOR
100 _aBora, B. K.
_qBirinchi Kumar
245 _aভাৰত​ৰ সমাজতত্ত্ৱ​ - দ্ৱিতীয় খণ্ড​ / Bharotor Samajtottwo- Dwitiwo Khando
_bSociology of India - Vol II
250 _a1st Ed.
260 _aJorhat
_bBidya Bhawan
_c2025
300 _a240 p. ;
_c14 x 15
505 _aNEP 4th Semester Major
650 _aSociology
700 _bGayan, Priyanka
942 _2ddc
_cBK
999 _c16403
_d16403